| 000 | 00678nam a2200217Ii 4500 | ||
|---|---|---|---|
| 999 |
_c4521 _d4521 |
||
| 001 | 2723591 | ||
| 003 | OSt | ||
| 005 | 20181206173449.0 | ||
| 008 | 770207r19611971nbu 001 0 eng d | ||
| 040 |
_aCDC _cCDC |
||
| 082 |
_a230 _bT757K |
||
| 092 |
_a231.4 _bT757K |
||
| 100 | 1 |
_aTozer, A. W. _q(Aiden Wilson), _d1897-1963 |
|
| 245 | 1 | 4 |
_aThe knowledge of the holy : _bthe attributes of God: their meaning in the Christian life / _cby A. W. Tozer |
| 260 |
_aLincoln, Neb. : _bBack To the Bible Broadcast, _c[1971, c1961] |
||
| 300 |
_a128 p. _c21 cm |
||
| 500 | _aIncludes index | ||
| 504 | _aIncludes bibilography | ||
| 650 | 0 |
_aGod (Christianity) _xAttributes |
|
| 942 |
_2ddc _cBK |
||